Gaming Quiz

Random Gaming or Pokémon Quiz
Score 0/32 Timer 07:00
2 Plays Today
Pokédex Numbers Example Pokémon % Correct
001-026Bulbasaur
99.5%
126-151Magmar
92.2%
027-051Sandshrew
84.1%
077-101Ponyta
83.7%
052-076Meowth
83.4%
102-125Exeggcute
81.7%
152-176Chikorita
80.2%
226-250Mantine
74.3%
377-400Regirock
73.8%
251-275Celebi
73.1%
476-500Probopass
68.7%
177-200Natu
64.9%
201-225Unown
63.2%
276-300Taillow
60.1%
301-324Delcatty
59.9%
451-475Skorupi
59.4%
Pokédex Numbers Example Pokémon % Correct
351-376Castform
58.8%
650-675Chespin
57.5%
701-721Hawlucha
56%
501-526Oshawott
55.8%
425-450Drifloon
55.3%
625-649Bouffalant
55.3%
325-350Spoink
53.8%
722-748Rowlet
53.7%
401-424Kricketot
53.6%
774-800Minior
50.6%
676-700Furfrou
45.9%
599-625Klink
45.2%
527-550Woobat
44.3%
574-598Gothita
43.9%
551-573Sandile
43.4%
749-773Mudbray
39%

You're not logged in!

Compare scores with friends on all Sporcle quizzes.
OR
Log In

Sporcle TV

Today on Sporcle TV


Watch our educational content, quiz creation guides, and fun videos on Sporcle TV.

Show Comments

Extras

Top Quizzes Today


Score Distribution

Paid Content

Your Account Isn't Verified!

In order to create a playlist on Sporcle, you need to verify the email address you used during registration. Go to your Sporcle Settings to finish the process.

Report this User

Report this user for behavior that violates our Community Guidelines.

Details: